<?xml version="1.0" encoding="UTF-8"?>
<record
    xmlns:xsi="http://www.w3.org/2001/XMLSchema-instance"
    xsi:schemaLocation="http://www.loc.gov/MARC21/slim http://www.loc.gov/standards/marcxml/schema/MARC21slim.xsd"
    xmlns="http://www.loc.gov/MARC21/slim">

  <leader>01013cam a22002891  4500</leader>
  <controlfield tag="001">sa 68007311 </controlfield>
  <controlfield tag="003">DLC</controlfield>
  <controlfield tag="005">20260227112522.0</controlfield>
  <controlfield tag="008">860321s1967    ii            000 0 sanx </controlfield>
  <datafield tag="010" ind1=" " ind2=" ">
    <subfield code="a">sa 68007311 </subfield>
  </datafield>
  <datafield tag="025" ind1=" " ind2=" ">
    <subfield code="a">PL480:I-San-894</subfield>
  </datafield>
  <datafield tag="035" ind1=" " ind2=" ">
    <subfield code="a">(OCoLC)13886743</subfield>
  </datafield>
  <datafield tag="040" ind1=" " ind2=" ">
    <subfield code="a">DLC</subfield>
    <subfield code="c">NN</subfield>
    <subfield code="d">DLC</subfield>
  </datafield>
  <datafield tag="042" ind1=" " ind2=" ">
    <subfield code="a">premarc</subfield>
  </datafield>
  <datafield tag="050" ind1="0" ind2="0">
    <subfield code="a">PK3760</subfield>
    <subfield code="b">.C5 1967</subfield>
  </datafield>
  <datafield tag="100" ind1="1" ind2=" ">
    <subfield code="a">Chaturvedi, Giridhar Sharma,</subfield>
    <subfield code="d">1881-1966.</subfield>
    <subfield code="e">comp.</subfield>
  </datafield>
  <datafield tag="245" ind1="1" ind2="0">
    <subfield code="a">Nibandh&#x101;dar&#x15B;a&#x1E25;.</subfield>
    <subfield code="c">Sa&#x1E43;gr&#x101;haka&#x1E25; Giridhara&#x15B;arm&#x101; Caturveda&#x1E25;. Samp&#x101;daka&#x1E25; &#x15A;ivadatta&#x15B;arm&#x101; Caturveda&#x1E25;.</subfield>
  </datafield>
  <datafield tag="250" ind1=" " ind2=" ">
    <subfield code="a">[2. sa&#x1E43;ska&#x1E5B;a&#x1E47;a]</subfield>
  </datafield>
  <datafield tag="260" ind1=" " ind2=" ">
    <subfield code="a">V&#x101;ranas&#x12B;,</subfield>
    <subfield code="b">Caukhamb&#x101; Sa&#x1E43;sk&#x1E5B;ta S&#x12B;r&#x12B;ja &#x100;phisa,</subfield>
    <subfield code="c">1967.</subfield>
  </datafield>
  <datafield tag="300" ind1=" " ind2=" ">
    <subfield code="a">10, 132 p.</subfield>
    <subfield code="c">19 cm.</subfield>
  </datafield>
  <datafield tag="490" ind1="1" ind2=" ">
    <subfield code="a">Haridas Sanskrit series,</subfield>
    <subfield code="v">272</subfield>
  </datafield>
  <datafield tag="500" ind1=" " ind2=" ">
    <subfield code="a">Added t.p.: Nibandh&#x101;dar&#x15B;a; a collecton [sic] of ideal Sanskrit essays.</subfield>
  </datafield>
  <datafield tag="500" ind1=" " ind2=" ">
    <subfield code="a">In Sanskrit.</subfield>
  </datafield>
  <datafield tag="650" ind1=" " ind2="0">
    <subfield code="a">Sanskrit essays.</subfield>
  </datafield>
  <datafield tag="700" ind1="1" ind2=" ">
    <subfield code="a">Chaturvedi, Shivadutta Sharma,</subfield>
    <subfield code="e">ed.</subfield>
  </datafield>
  <datafield tag="830" ind1=" " ind2="0">
    <subfield code="a">Harid&#x101;sa-Sa&#x1E43;skr&#x325;ta-grantham&#x101;l&#x101; ;</subfield>
    <subfield code="v">272.</subfield>
  </datafield>
  <datafield tag="999" ind1=" " ind2=" ">
    <subfield code="c">81798</subfield>
    <subfield code="d">81798</subfield>
  </datafield>
</record>
